|
|
|
|
| LEADER |
00000nam2a2200000 4500 |
| 001 |
356242 |
| 005 |
20231102010857.0 |
| 035 |
|
|
|a (RuTPU)RU\TPU\retro\13502
|
| 035 |
|
|
|a RU\TPU\retro\13422
|
| 090 |
|
|
|a 356242
|
| 100 |
|
|
|a 20200716d1874 k y0rusy50 ca
|
| 101 |
1 |
|
|a rus
|c ger
|
| 102 |
|
|
|a RU
|
| 105 |
|
|
|a y z 000zy
|
| 200 |
0 |
|
|a Т. 3 : Средние века
|e с приложением судебного процесса по поводу издания этого тома
|
| 210 |
|
|
|d 1874
|
| 215 |
|
|
|a 703 с.
|
| 461 |
|
1 |
|0 (RuTPU)RU\TPU\retro\13583
|t Искусство в связи с общим развитием культуры и идеалы человечества
|o в 5 т.
|o пер. с нем.
|f М. Каррьер
|g пер. Е. Корша
|v Т. 3 : Средние века
|d 1870-1875
|
| 606 |
1 |
|
|a Искусство
|x Теория
|x Философия
|2 stltpush
|3 (RuTPU)RU\TPU\subj\13189
|9 39840
|
| 606 |
1 |
|
|a Историческая культурология
|2 stltpush
|3 (RuTPU)RU\TPU\subj\72069
|9 85657
|
| 610 |
1 |
|
|a христианский мир
|
| 610 |
1 |
|
|a нравственный идеал
|
| 610 |
1 |
|
|a христианство
|
| 610 |
1 |
|
|a происхождение
|
| 610 |
1 |
|
|a духовная жизнь
|
| 610 |
1 |
|
|a религиозная жизнь
|
| 610 |
1 |
|
|a музыка
|
| 610 |
1 |
|
|a поэзия
|
| 610 |
1 |
|
|a изобразительное искусство
|
| 610 |
1 |
|
|a живопись
|
| 610 |
1 |
|
|a византийская культура
|
| 610 |
1 |
|
|a ислам
|
| 610 |
1 |
|
|a исламский мир
|
| 610 |
1 |
|
|a литература
|
| 610 |
1 |
|
|a арабский мир
|
| 610 |
1 |
|
|a Персия
|
| 610 |
1 |
|
|a Восток
|
| 610 |
1 |
|
|a средние века
|
| 610 |
1 |
|
|a европейские народы
|
| 610 |
1 |
|
|a миросознание
|
| 610 |
1 |
|
|a романский стиль
|
| 610 |
1 |
|
|a зодчество
|
| 610 |
1 |
|
|a наука
|
| 610 |
1 |
|
|a крестовые походы
|
| 610 |
1 |
|
|a рыцарство
|
| 610 |
1 |
|
|a эпическая поэзия
|
| 610 |
1 |
|
|a французская литература
|
| 610 |
1 |
|
|a испанская литература
|
| 610 |
1 |
|
|a эпос
|
| 610 |
1 |
|
|a драматургия
|
| 610 |
1 |
|
|a средневековая музыка
|
| 610 |
1 |
|
|a готическая архитектура
|
| 610 |
1 |
|
|a схоластика
|
| 610 |
1 |
|
|a пластика
|
| 610 |
1 |
|
|a бытописание
|
| 610 |
1 |
|
|a мистическая философия
|
| 675 |
|
|
|a 7.01
|v 4
|
| 686 |
|
|
|a Ч113
|v LBC/SL-A
|2 rubbk
|
| 801 |
|
1 |
|a RU
|b 63413507
|c 20200716
|
| 801 |
|
2 |
|a RU
|b 63413507
|c 20200922
|g RCR
|
| 942 |
|
|
|c BK
|